000 00214 a2200097 4500
001 32861
100 _aGuha,E
245 _aBasic Thermodynamics
260 _aNew Delhi
_bNorosa Pub House
_c
090 _c22034
_d22034
942 _aNUST-CAE
_cM
_c13375
999 _c267934
_d267934